[Event "ESP-chT CECLUB Div2 Gp2"]
[Site "Burguillos"]
[Date "2012.08.09"]
[Round "3.3"]
[White "Albaina Alvarez, Alvaro Ignacio"]
[Black "Herrera Delgado, Alejandro"]
[Result "0-1"]
[WhiteElo "2161"]
[BlackElo "2309"]
[PlyCount "48"]
[EventDate "2012.08.08"]
[EventType "team-swiss"]
[EventRounds "6"]
[EventCountry "ESP"]
[SourceTitle "CBM 149 Extra"]
[Source "ChessBase"]
[SourceDate "2012.08.24"]
[SourceVersion "1"]
[SourceVersionDate "2012.08.24"]
[SourceQuality "1"]
[WhiteTeam "San Viator"]
[BlackTeam "Oromana"]
[WhiteTeamCountry "ESP"]
[BlackTeamCountry "ESP"]

1. e4 e6 2. d4 d5 3. exd5 exd5 4. Nf3 Nc6 5. Bg5 Be7 6. Bxe7 Ngxe7 7. Be2 Bf5 8. c3 Qd7 9. Nbd2 f6 10. Qa4 Ng6 11. g3 0-0-0 12. 0-0-0 h5 13. Rhe1 Rde8 14. Nb3 Rxe2 15. Rxe2 Bg4 16. Rd3 b6 17. Nbd2 Kb7 18. b4 Nxd4 19. Qd1 Nxe2+ 20. Qxe2 Ne5 21. Re3 Qa4 22. Kb1 Bf5+ 23. Ka1 Qc2 24. a3 Nc4 0-1

[Event "Burgas op 15th"]
[Site "Ourense"]
[Date "2006.??.??"]
[Round "8"]
[White "Albaina Alvarez, Alvaro Ignacio"]
[Black "Bolos Gimeno, Domingo"]
[Result "1-0"]
[WhiteElo "2193"]
[BlackElo "1720"]
[PlyCount "81"]
[EventDate "2006.07.04"]
[EventType "swiss"]
[EventRounds "9"]
[EventCountry "ESP"]
[SourceTitle "CBM 113 Extra"]
[Source "ChessBase"]
[SourceDate "2006.09.14"]
[SourceVersion "1"]
[SourceVersionDate "2006.09.14"]
[SourceQuality "1"]

1. e4 c5 2. Nf3 e6 3. c3 Nf6 4. e5 Nd5 5. d4 cxd4 6. cxd4 Bb4+ 7. Nbd2 Nc6 8. a3 Be7 9. Ne4 h6 10. Bd3 a6 11. 0-0 b5 12. Be3 Bb7 13. Rc1 Rc8 14. Nfd2 Nxe3 15. fxe3 0-0 16. Qh5 Bg5 17. Nxg5 Qxg5 18. Qxg5 hxg5 19. Ne4 Ne7 20. Rxc8 Bxc8 21. Nxg5 Nf5 22. Kf2 f6 23. exf6 gxf6 24. Ne4 d5 25. Nc5 e5 26. Bxf5 Bxf5 27. Nxa6 exd4 28. exd4 Rf7 29. Rc1 Bd3 30. Rc3 Be4 31. Rc8+ Kg7 32. Rc7 Bd3 33. Ke3 Bc4 34. Kd2 Kg6 35. Rxf7 Kxf7 36. Ke3 Ke6 37. Nc5+ Kf5 38. b3 Bf1 39. Kf2 Bxg2 40. Kxg2 Kf4 41. Kf2 1-0

[Event "Burgas op 15th"]
[Site "Ourense"]
[Date "2006.??.??"]
[Round "3"]
[White "Barbosa, Fabio Emanuel Olive"]
[Black "Albaina Alvarez, Alvaro Ignacio"]
[Result "1-0"]
[WhiteElo "2015"]
[BlackElo "2193"]
[PlyCount "51"]
[EventDate "2006.07.04"]
[EventType "swiss"]
[EventRounds "9"]
[EventCountry "ESP"]
[SourceTitle "CBM 113 Extra"]
[Source "ChessBase"]
[SourceDate "2006.09.14"]
[SourceVersion "1"]
[SourceVersionDate "2006.09.14"]
[SourceQuality "1"]

1. e4 d5 2. exd5 Qxd5 3. Nc3 Qa5 4. d4 Nf6 5. Nf3 Bf5 6. Bd2 c6 7. Bc4 e6 8. Nd5 Qd8 9. Nxf6+ Qxf6 10. Qe2 Bd6 11. 0-0-0 Nd7 12. h3 Nb6 13. Bb3 h6 14. Ne5 Bh7 15. Rhe1 0-0-0 16. Nxf7 Qxd4 17. Nxh8 Rxh8 18. Bxh6 Qf6 19. Qxe6+ Qxe6 20. Bxe6+ Kc7 21. Bxg7 Rd8 22. Kb1 c5 23. Be5 Kc6 24. Rxd6+ Rxd6 25. Bxd6 Kxd6 26. f4 1-0

[Event "Burgas op 15th"]
[Site "Ourense"]
[Date "2006.??.??"]
[Round "7"]
[White "Gomez Dominguez, Breixo"]
[Black "Albaina Alvarez, Alvaro Ignacio"]
[Result "0-1"]
[WhiteElo "1905"]
[BlackElo "2193"]
[PlyCount "110"]
[EventDate "2006.07.04"]
[EventType "swiss"]
[EventRounds "9"]
[EventCountry "ESP"]
[SourceTitle "CBM 113 Extra"]
[Source "ChessBase"]
[SourceDate "2006.09.14"]
[SourceVersion "1"]
[SourceVersionDate "2006.09.14"]
[SourceQuality "1"]

1. e4 c5 2. Nc3 e6 3. g3 d5 4. exd5 exd5 5. Bg2 d4 6. Nd5 Bd6 7. d3 Ne7 8. Nxe7 Bxe7 9. Ne2 Nc6 10. Nf4 0-0 11. 0-0 Bd6 12. Nd5 Be6 13. Nf4 Bxf4 14. Bxf4 Bd5 15. Re1 Bxg2 16. Kxg2 Qd5+ 17. Qf3 Qxf3+ 18. Kxf3 Rfe8 19. a3 f5 20. Re2 Rxe2 21. Kxe2 Kf7 22. Re1 Re8+ 23. Kd2 Rxe1 24. Kxe1 Ke6 25. Ke2 Kd5 26. f3 b5 27. Bd2 Ne5 28. Bf4 Nd7 29. Bc7 Kc6 30. Ba5 Nf6 31. Bd2 Nd5 32. h3 h6 33. h4 Kd6 34. c4 dxc3 35. bxc3 c4 36. a4 a6 37. axb5 axb5 38. dxc4 bxc4 39. Bf4+ Ke6 40. Kd2 Kf6 41. Be3 g5 42. hxg5+ hxg5 43. Bd4+ Kg6 44. Ke2 g4 45. f4 Kf7 46. Kd2 Ke6 47. Kd1 Nc7 48. Be5 Nb5 49. Kd2 Kd5 50. Bf6 Nd6 51. Bh4 Ne4+ 52. Kc2 Nc5 53. Bf6 Ke4 54. Kb2 Kf3 55. Bh4 Ne4 0-1

[Event "Burgas op 15th"]
[Site "Ourense"]
[Date "2006.??.??"]
[Round "9"]
[White "Spassov, Liuben"]
[Black "Albaina Alvarez, Alvaro Ignacio"]
[Result "1/2-1/2"]
[WhiteElo "2387"]
[BlackElo "2193"]
[PlyCount "89"]
[EventDate "2006.07.04"]
[EventType "swiss"]
[EventRounds "9"]
[EventCountry "ESP"]
[SourceTitle "CBM 113 Extra"]
[Source "ChessBase"]
[SourceDate "2006.09.14"]
[SourceVersion "1"]
[SourceVersionDate "2006.09.14"]
[SourceQuality "1"]

1. d4 f5 2. g3 Nf6 3. Bg2 g6 4. c4 Bg7 5. Nf3 0-0 6. b4 d6 7. Bb2 c6 8. Nbd2 e5 9. dxe5 Ng4 10. Qb3 Nxe5 11. c5+ Kh8 12. cxd6 Nxf3+ 13. Nxf3 Qxd6 14. Rd1 Qe7 15. Bxg7+ Kxg7 16. Nd4 Na6 17. a3 Nc7 18. 0-0 Ne6 19. e3 Nxd4 20. Rxd4 Be6 21. Qc3 Kg8 22. Rfd1 Rad8 23. h4 a6 24. Qd2 Rxd4 25. Qxd4 Rf7 26. Qb6 Qc7 27. Rd8+ Kg7 28. Qd4+ Kh6 29. Rd6 Bc8 30. h5 Rd7 31. Qf4+ Kg7 32. h6+ Kg8 33. Qc4+ Kf8 34. Rf6+ Rf7 35. Qd4 Rxf6 36. Qxf6+ Qf7 37. Qh8+ Qg8 38. Qe5 Qf7 39. Qf4 Bd7 40. Qb8+ Be8 41. Qd6+ Qe7 42. Qd4 Qd7 43. Qh8+ Ke7 44. Qxh7+ Kf6 45. Qg8 1/2-1/2

[Event "Barcelona Sants op 07th"]
[Site "Barcelona"]
[Date "2005.08.30"]
[Round "5"]
[White "Barrientos Chavarriaga, Sergio E"]
[Black "Albaina Alvarez, Alvaro Ignacio"]
[Result "1-0"]
[WhiteElo "2433"]
[BlackElo "2200"]
[PlyCount "55"]
[EventDate "2005.08.27"]
[EventType "swiss"]
[EventRounds "10"]
[EventCountry "ESP"]
[SourceTitle "CBM 108 Extra"]
[Source "ChessBase"]
[SourceDate "2005.11.04"]
[SourceVersion "1"]
[SourceVersionDate "2005.11.04"]
[SourceQuality "1"]

1. e4 e6 2. d4 d5 3. Nc3 Nf6 4. Bg5 dxe4 5. Nxe4 Nbd7 6. Nxf6+ Nxf6 7. Nf3 c5 8. Ne5 a6 9. c3 cxd4 10. Qa4+ Bd7 11. Qxd4 Bc6 12. Qxd8+ Rxd8 13. Nxc6 bxc6 14. Bxa6 Be7 15. Ke2 0-0 16. Bc4 h6 17. Bf4 Nd5 18. Bxd5 cxd5 19. a4 f6 20. Rhd1 e5 21. Be3 Kf7 22. a5 Ke6 23. a6 Rb8 24. b4 Rb5 25. a7 Ra8 26. Ra6+ Kf5 27. Kf3 Kg6 28. Rb6 1-0

[Event "Euskadi-chTB"]
[Site "Euskadi"]
[Date "2001.01.13"]
[Round "5"]
[White "Pinilla Santibanez, Roberto"]
[Black "Albaina Alvarez, Alvaro Ignacio"]
[Result "0-1"]
[WhiteElo "2107"]
[BlackElo "2155"]
[PlyCount "150"]
[EventDate "2000.11.18"]
[EventType "team"]
[EventRounds "9"]
[EventCountry "ESP"]
[SourceTitle "EXT 2006"]
[Source "ChessBase"]
[SourceDate "2005.11.24"]
[SourceVersion "1"]
[SourceVersionDate "2005.11.24"]
[SourceQuality "1"]

1. e4 c5 2. Nf3 e6 3. d4 cxd4 4. Nxd4 Nf6 5. Nc3 Nc6 6. Ndb5 Bb4 7. Nd6+ Ke7 8. Bf4 e5 9. Nf5+ Kf8 10. Bd2 d5 11. exd5 Bxc3 12. Bxc3 Nxd5 13. Ne3 Nxc3 14. Qxd8+ Nxd8 15. bxc3 Be6 16. 0-0-0 Nc6 17. Nd5 Bxd5 18. Rxd5 Rd8 19. Bc4 Rxd5 20. Bxd5 f6 21. Kd2 Ke7 22. Rb1 Kd6 23. c4 b6 24. c3 Rc8 25. Kd3 Ne7 26. Bf3 f5 27. Be2 Rc5 28. Kc2 Nc6 29. f3 Na5 30. Rb4 e4 31. f4 Ke6 32. Kd2 h6 33. h4 Nb7 34. Ke3 Nd6 35. a4 Kf6 36. Kd4 g5 37. hxg5+ hxg5 38. g3 Nb7 39. Rb1 Nd8 40. Rh1 Ne6+ 41. Ke3 gxf4+ 42. gxf4 Ra5 43. Rh6+ Ke7 44. Rh7+ Kd6 45. Rf7 Nd8 46. Rf8 Ke7 47. Rh8 Rxa4 48. Rh7+ Kd6 49. Rh6+ Kc7 50. c5 Ra5 51. cxb6+ axb6 52. Bf1 Rc5 53. Kd2 Nb7 54. Rh8 Nd6 55. Rf8 Rd5+ 56. Ke3 Kc6 57. Rf6 Kc5 58. Be2 b5 59. Rf8 Nc4+ 60. Kf2 Nb6 61. Ke3 Nd7 62. Rc8+ Kd6 63. c4 bxc4 64. Rxc4 Nb6 65. Rb4 Kc5 66. Rb5+ Kc6 67. Rb1 Rc5 68. Rf1 Nd5+ 69. Kd4 Nb4 70. Ke3 Nc2+ 71. Kd2 Nb4 72. Bh5 Rc2+ 73. Ke3 Kc5 74. Be2 Nd5+ 75. Kf2 Nc3 0-1